| 000 | 00915nam0a22002891 4500 | ||
|---|---|---|---|
| 001 | RU\NLR\A1SV\105356 | ||
| 005 | 20251203171251.9 | ||
| 035 | _a(NLR Aleph) 009786709 | ||
| 090 |
_a10119113 _c10119113 |
||
| 100 | _a20100706d1924 u y0rusy50 ca | ||
| 101 | 0 | _arus | |
| 102 | _aRU | ||
| 200 | 1 |
_aЦикорий выгодное промышленное растение и как его разводить _fСост. П.В.Ростовцев |
|
| 210 |
_aМ. _cКрас. новь _d1924 |
||
| 215 |
_a19 с. _d17 см |
||
| 300 | _aНа тит. л. номер изд.: №217 | ||
| 300 | _aНа обл. авт. не указан | ||
| 620 | _dМосква | ||
| 700 | 1 |
_aРостовцев _bП.В. _gПетр Васильевич |
|
| 801 | 0 |
_aRU _bNLR _c20100706 |
|
| 852 |
_aNLR _j35.56.6.306 |
||
| 899 | _aСамОУНБ | ||
| 899 | _aРГБ | ||
| 942 | _cBOOK | ||
| 980 | _aNB | ||
| 980 | _aA1SV | ||